000 00801nam a22002057a 4500
005 20251108173045.0
008 250721s2000 xx 000 0 ara d
082 1 4 _a363.730956/درا
111 2 _aدراسة حول مكافحة تلوث مياه السدود و البحيرات في الوطن العربي
_cالخرطوم
_dايلول 2000
245 1 0 _aدراسة حول مكافحة تلوث مياه السدود و البحيرات في الوطن العربي /
264 1 _aالخرطوم :
_bالمنظمة العربية للتنمية الزراعية،
_c2000.
300 _a145ص
650 1 7 _aالثلوث
650 1 7 _aالمياه
650 1 7 _aالبلدان العربية
650 1 7 _aالبحيرات
650 1 7 _aالسدود
942 _2ddc
_cBK
999 _c95061
_d95061